[Event "Cullera op"]
[Site "Valencia ESP"]
[Date "2002.07.20"]
[Round "3"]
[White "Hermesmann, Hans"]
[Black "Tyomkin, Dimitri"]
[Result "0-1"]
[WhiteElo "2298"]
[BlackElo "2482"]
[PlyCount "82"]
[GameId "2129405141845142"]
[EventDate "2002.07.18"]
[EventType "swiss"]
[EventRounds "9"]
[EventCountry "ESP"]
[SourceTitle "CBM 90"]
[Source "ChessBase"]
[SourceDate "2002.09.20"]
[SourceVersion "1"]
[SourceVersionDate "2002.09.20"]
[SourceQuality "1"]

1. d4 Nf6 2. c4 g6 3. Nc3 d5 4. Bg5 Ne4 5. Nxe4 dxe4 6. Qd2 Bg7 7. e3 c5 8. d5 Qb6 9. Rb1 Nd7 10. Ne2 h6 11. Bh4 Ne5 12. Nc3 Bf5 13. Be2 g5 14. Bg3 O-O 15. O-O h5 16. Qc2 Qg6 17. b4 cxb4 18. Rxb4 b6 19. Bxe5 Bxe5 20. c5 Rac8 21. c6 Bxh2+ 22. Kxh2 Qd6+ 23. Kg1 Qxb4 24. Ba6 Rcd8 25. Rb1 Qd6 26. Rd1 Qe5 27. Rd4 g4 28. Qd1 Rd6 29. Nb5 Rg6 30. d6 g3 31. fxg3 Qxg3 32. Qd2 exd6 33. Nxd6 Bh3 34. Bf1 h4 35. Nxe4 Qc7 36. Nf2 Bc8 37. Bd3 Rxc6 38. Rxh4 Rc1+ 39. Nd1 Rd8 40. Qe2 Qg3 41. Rf4 Rxd1+ 0-1

[Event "Cullera op"]
[Site "Valencia ESP"]
[Date "2002.07.22"]
[Round "5"]
[White "Buenafe Moya, Javier"]
[Black "Tyomkin, Dimitri"]
[Result "0-1"]
[WhiteElo "2261"]
[BlackElo "2482"]
[PlyCount "108"]
[GameId "2129405141853403"]
[EventDate "2002.07.18"]
[EventType "swiss"]
[EventRounds "9"]
[EventCountry "ESP"]
[SourceTitle "CBM 89 ext"]
[Source "ChessBase"]
[SourceDate "2002.09.10"]
[SourceVersion "2"]
[SourceVersionDate "2002.09.20"]
[SourceQuality "1"]

1. c4 e5 2. Nc3 Nf6 3. g3 Bb4 4. Bg2 O-O 5. Qb3 Bxc3 6. Qxc3 Re8 7. Nf3 Nc6 8. O-O d5 9. cxd5 Nxd5 10. Qc5 e4 11. Nd4 Nxd4 12. Qxd4 Nf4 13. Qe3 Nxg2 14. Kxg2 Qd5 15. b3 Qh5 16. h4 Bg4 17. Re1 c5 18. Bb2 Rad8 19. Rac1 b6 20. a3 Qd5 21. Rc2 f6 22. b4 c4 23. a4 Bd7 24. Ra1 h6 25. b5 Kf7 26. Rac1 Rc8 27. Qd4 Be6 28. Qxd5 Bxd5 29. e3 Be6 30. f3 exf3+ 31. Kxf3 Bd5+ 32. Kf2 Rcd8 33. Bd4 Be6 34. a5 Rd5 35. axb6 axb6 36. Rb2 Rf5+ 37. Ke2 Bd7 38. Rcb1 Re6 39. Rf1 Rd5 40. Bc3 g5 41. hxg5 hxg5 42. Rb4 Kg6 43. Kf2 Rf5+ 44. Ke2 Rc5 45. Bd4 Rd5 46. Kf2 Red6 47. Rc1 Be6 48. Ra1 Rf5+ 49. Ke2 Bd5 50. Ra6 Bf3+ 51. Ke1 Be4 52. d3 Bxd3 53. Rxb6 Rxd4 54. exd4 c3 0-1

[Event "Cullera op"]
[Site "Valencia ESP"]
[Date "2002.07.23"]
[Round "5"]
[White "Tyomkin, Dimitri"]
[Black "Fernandez Gil, Marco Antonio"]
[Result "1-0"]
[WhiteElo "2482"]
[BlackElo "2182"]
[PlyCount "59"]
[GameId "2129405141853433"]
[EventDate "2002.07.18"]
[EventType "swiss"]
[EventRounds "9"]
[EventCountry "ESP"]
[SourceTitle "CBM 89 ext"]
[Source "ChessBase"]
[SourceDate "2002.09.10"]
[SourceVersion "2"]
[SourceVersionDate "2002.09.20"]
[SourceQuality "1"]

1. d4 Nf6 2. c4 Nc6 3. Nf3 e6 4. a3 d6 5. Nc3 g6 6. e4 Bg7 7. h3 O-O 8. Bg5 h6 9. Be3 Re8 10. Bd3 e5 11. d5 Ne7 12. g4 c5 13. Nh2 Rf8 14. Nf1 Ne8 15. Qd2 Kh7 16. Ng3 Bd7 17. f3 Qc8 18. Ke2 Rb8 19. b4 b6 20. Rhg1 f5 21. exf5 gxf5 22. gxf5 Nxf5 23. Nce4 Rb7 24. Rg2 Rf7 25. Rag1 Bf8 26. b5 Rc7 27. Nh5 a6 28. Rg6 Be7 29. Rxh6+ Nxh6 30. Nxd6+ 1-0

[Event "Cullera op"]
[Site "Valencia ESP"]
[Date "2002.07.24"]
[Round "7.2"]
[White "Tyomkin, Dimitri"]
[Black "Oratovsky, Michael"]
[Result "1/2-1/2"]
[WhiteElo "2482"]
[BlackElo "2556"]
[PlyCount "27"]
[GameId "2129405141853482"]
[EventDate "2002.07.18"]
[EventType "swiss"]
[EventRounds "9"]
[EventCountry "ESP"]
[SourceTitle "CBM 89 ext"]
[Source "ChessBase"]
[SourceDate "2002.09.10"]
[SourceVersion "2"]
[SourceVersionDate "2002.09.20"]
[SourceQuality "1"]

1. e4 c5 2. Nf3 d6 3. d4 Nf6 4. Nc3 cxd4 5. Nxd4 g6 6. Be3 Bg7 7. f3 O-O 8. Bc4 Nc6 9. Qd2 Bd7 10. O-O-O Rc8 11. Bb3 Ne5 12. Nb1 Nc4 13. Bxc4 Rxc4 14. g4 1/2-1/2

[Event "Cullera op"]
[Site "Valencia ESP"]
[Date "2002.??.??"]
[Round "9"]
[White "Tyomkin, Dimitri"]
[Black "Ortega Hermida, Daniel"]
[Result "1-0"]
[WhiteElo "2482"]
[BlackElo "2301"]
[PlyCount "83"]
[GameId "2129405141853528"]
[EventDate "2002.07.18"]
[EventType "swiss"]
[EventRounds "9"]
[EventCountry "ESP"]
[SourceTitle "CBM 89 ext"]
[Source "ChessBase"]
[SourceDate "2002.09.10"]
[SourceVersion "2"]
[SourceVersionDate "2002.09.20"]
[SourceQuality "1"]

1. d4 Nf6 2. Nf3 g6 3. Bg5 Bg7 4. Nbd2 O-O 5. c3 d6 6. e4 Qe8 7. Be2 e5 8. dxe5 dxe5 9. O-O Nbd7 10. Re1 h6 11. Bh4 Nh5 12. Nc4 Nf4 13. Bf1 Nb6 14. Ne3 Qa4 15. Qb1 Be6 16. b3 Qe8 17. Nd2 f5 18. f3 Qf7 19. Qc2 Nd7 20. Rad1 Kh8 21. Bf2 Rad8 22. Ndc4 fxe4 23. Qxe4 Nc5 24. Qc2 Rxd1 25. Rxd1 e4 26. Nd2 exf3 27. Nxf3 Nh3+ 28. gxh3 Qxf3 29. Bg2 Qh5 30. Ng4 Nd7 31. Qe4 Qf5 32. Bd4 h5 33. Nf2 b6 34. h4 Nf6 35. Qe3 Kg8 36. Bh3 Ng4 37. Nxg4 hxg4 38. Rf1 Bxd4 39. Qxd4 Qc5 40. Qxc5 bxc5 41. Rxf8+ Kxf8 42. Bf1 1-0

[Event "ISR-Tch"]
[Site "ISR"]
[Date "2002.01.12"]
[Round "1"]
[White "Tyomkin, Dimitri"]
[Black "Chernomordik, Pavel"]
[Result "1-0"]
[WhiteElo "2501"]
[BlackElo "2260"]
[PlyCount "55"]
[GameId "2129405144643472"]
[EventDate "2002.01.12"]
[EventType "team"]
[EventRounds "11"]
[EventCountry "ISR"]
[SourceTitle "The Week in Chess 391"]
[Source "Mark Crowther"]
[SourceDate "2002.05.06"]
[SourceVersion "1"]
[SourceVersionDate "2002.05.06"]
[SourceQuality "2"]

1. d4 d5 2. c4 dxc4 3. Nf3 Nf6 4. Nc3 c6 5. a4 c5 6. d5 Bf5 7. e3 e6 8. dxe6 Qxd1+ 9. Kxd1 Bxe6 10. Ng5 Bf5 11. Bxc4 Bg6 12. Nb5 Na6 13. Ke2 Be7 14. Nh3 Be4 15. f3 Bd5 16. b3 O-O 17. Rd1 Bxc4+ 18. bxc4 Nb4 19. Bb2 Nc6 20. Bc3 Rad8 21. Nf4 a6 22. Nc7 Bd6 23. Bxf6 gxf6 24. Ncd5 Be5 25. Rac1 f5 26. Nh5 Rd6 27. f4 Rh6 28. fxe5 1-0

[Event "ISR-Tch"]
[Site "ISR"]
[Date "2002.01.26"]
[Round "3"]
[White "Shvidler, Eliahu"]
[Black "Tyomkin, Dimitri"]
[Result "1/2-1/2"]
[WhiteElo "2451"]
[BlackElo "2501"]
[PlyCount "105"]
[GameId "2129405144643548"]
[EventDate "2002.01.12"]
[EventType "team"]
[EventRounds "11"]
[EventCountry "ISR"]
[SourceTitle "The Week in Chess 391"]
[Source "Mark Crowther"]
[SourceDate "2002.05.06"]
[SourceVersion "1"]
[SourceVersionDate "2002.05.06"]
[SourceQuality "2"]

1. d4 Nf6 2. Nf3 g6 3. g3 Bg7 4. Bg2 O-O 5. O-O d5 6. Bf4 Nh5 7. Be3 Nf6 8. Qc1 Re8 9. Rd1 c6 10. Nbd2 Na6 11. a3 Ng4 12. Bf4 Qb6 13. e3 f6 14. h3 Nxf2 15. Kxf2 e5 16. b4 g5 17. Bxe5 fxe5 18. Nxe5 Bxe5 19. dxe5 Rxe5 20. Nf3 Rf5 21. Kg1 h6 22. c4 Be6 23. Nd4 Rf6 24. Rf1 Raf8 25. Qc3 Rxf1+ 26. Rxf1 Rxf1+ 27. Bxf1 Bd7 28. Qc2 Kg7 29. Qb2 Kg8 30. Qf2 Qd8 31. Bd3 Nc7 32. cxd5 Nxd5 33. e4 Nb6 34. e5 Bxh3 35. Qe3 Qd5 36. Be4 Qa2 37. e6 Nc8 38. Bc2 Qd5 39. Be4 Qa2 40. Bf3 Ne7 41. g4 Qa1+ 42. Kh2 Bf1 43. Qe5 Qb2+ 44. Kg3 Qd2 45. Nf5 Qf4+ 46. Qxf4 gxf4+ 47. Kxf4 Ng6+ 48. Ke4 Bc4 49. e7 Bd5+ 50. Kd4 Kf7 51. Bxd5+ cxd5 52. Kxd5 Nxe7+ 53. Ke5 1/2-1/2

[Event "ISR-Tch"]
[Site "ISR"]
[Date "2002.03.15"]
[Round "7"]
[White "Tyomkin, Dimitri"]
[Black "Boim, Inon"]
[Result "1/2-1/2"]
[WhiteElo "2501"]
[BlackElo "2399"]
[PlyCount "48"]
[GameId "2129405144643692"]
[EventDate "2002.01.12"]
[EventType "team"]
[EventRounds "11"]
[EventCountry "ISR"]
[SourceTitle "The Week in Chess 391"]
[Source "Mark Crowther"]
[SourceDate "2002.05.06"]
[SourceVersion "1"]
[SourceVersionDate "2002.05.06"]
[SourceQuality "2"]

1. d4 c5 2. d5 e5 3. c4 d6 4. Nc3 g6 5. e4 Bg7 6. Bd3 Ne7 7. h4 h5 8. Nge2 O-O 9. Be3 f5 10. f3 Nd7 11. Qd2 Nf6 12. O-O-O a6 13. Nb1 Bd7 14. exf5 gxf5 15. Bh6 Bxh6 16. Qxh6 Kf7 17. Ng1 Rh8 18. Qd2 f4 19. Nh3 Bxh3 20. Rxh3 Qd7 21. Qc2 Rhg8 22. Rh2 Rg7 23. a3 Rb8 24. b4 b5 1/2-1/2

[Event "ISR-Tch"]
[Site "ISR"]
[Date "2002.04.12"]
[Round "8"]
[White "Mikhalevski, Victor"]
[Black "Tyomkin, Dimitri"]
[Result "1/2-1/2"]
[WhiteElo "2531"]
[BlackElo "2501"]
[PlyCount "42"]
[GameId "2129405144643722"]
[EventDate "2002.01.12"]
[EventType "team"]
[EventRounds "11"]
[EventCountry "ISR"]
[SourceTitle "The Week in Chess 391"]
[Source "Mark Crowther"]
[SourceDate "2002.05.06"]
[SourceVersion "1"]
[SourceVersionDate "2002.05.06"]
[SourceQuality "2"]

1. Nf3 Nf6 2. c4 g6 3. Nc3 d5 4. Qa4+ Bd7 5. Qb3 dxc4 6. Qxc4 Bg7 7. e4 O-O 8. e5 Ng4 9. d4 Be6 10. Qb5 Qc8 11. h3 Nh6 12. Be2 Nd7 13. O-O c6 14. Qa5 f6 15. exf6 exf6 16. d5 b6 17. Qa3 cxd5 18. Nd4 Bf7 19. Bf3 Qc4 20. Rd1 Ne5 21. Be2 Qc5 1/2-1/2

[Event "ISR-Tch"]
[Site "ISR"]
[Date "2002.04.19"]
[Round "9"]
[White "Serebro, Alexsandr"]
[Black "Tyomkin, Dimitri"]
[Result "1/2-1/2"]
[WhiteElo "2297"]
[BlackElo "2501"]
[PlyCount "37"]
[GameId "2129405144643765"]
[EventDate "2002.01.12"]
[EventType "team"]
[EventRounds "11"]
[EventCountry "ISR"]
[SourceTitle "The Week in Chess 391"]
[Source "Mark Crowther"]
[SourceDate "2002.05.06"]
[SourceVersion "1"]
[SourceVersionDate "2002.05.06"]
[SourceQuality "2"]

1. Nf3 Nf6 2. g3 g6 3. b3 Bg7 4. Bb2 d5 5. d4 O-O 6. Bg2 c5 7. c3 Nc6 8. O-O Qb6 9. e3 Bf5 10. Nbd2 Rfd8 11. Qe2 a5 12. Ba3 cxd4 13. cxd4 Nb4 14. Rfc1 Nc2 15. Bxe7 Re8 16. Bxf6 Bxf6 17. g4 Nxa1 18. gxf5 Bxd4 19. Nxd4 1/2-1/2

[Event "Lisbon op"]
[Site "Lisbon POR"]
[Date "2001.08.21"]
[Round "1"]
[White "Tyomkin, Dimitri"]
[Black "Webb, Laurence"]
[Result "1-0"]
[WhiteElo "2461"]
[BlackElo "2250"]
[PlyCount "95"]
[GameId "2129405147634379"]
[EventDate "2001.08.21"]
[EventType "swiss"]
[EventRounds "9"]
[EventCountry "POR"]
[SourceTitle "The Week in Chess 355"]
[Source "Mark Crowther"]
[SourceDate "2001.08.27"]
[SourceVersion "1"]
[SourceVersionDate "2001.08.27"]
[SourceQuality "2"]

1. d4 Nf6 2. c4 e6 3. Nf3 Bb4+ 4. Nbd2 O-O 5. a3 Bxd2+ 6. Qxd2 d6 7. g3 a5 8. b3 b6 9. Bg2 Bb7 10. O-O Nbd7 11. Bb2 Qe7 12. Nh4 Bxg2 13. Nxg2 a4 14. b4 c6 15. f3 d5 16. c5 Ne8 17. e4 Nc7 18. Rae1 Qd8 19. e5 b5 20. Qd3 f5 21. exf6 Qxf6 22. Ne3 Rae8 23. Ng4 Qf5 24. Qd1 Qg6 25. Bc1 h5 26. Ne5 Nxe5 27. Rxe5 Rf5 28. Qe2 Ref8 29. Kh1 Rxe5 30. Qxe5 Qd3 31. Kg2 Qc2+ 32. Kg1 Rf7 33. Qxh5 Qd3 34. Qg4 Qf5 35. Qxf5 exf5 36. Re1 Rf6 37. Bf4 Re6 38. Be5 Kf7 39. Kf2 Ne8 40. h4 Rh6 41. Ke3 Re6 42. Kf4 g6 43. Re3 Re7 44. g4 fxg4 45. fxg4 Re6 46. Kg5 Kg8 47. Rf3 Ng7 48. Rf6 1-0

[Event "Lisbon op"]
[Site "Lisbon POR"]
[Date "2001.08.22"]
[Round "2"]
[White "Palac, Mladen"]
[Black "Tyomkin, Dimitri"]
[Result "1/2-1/2"]
[WhiteElo "2578"]
[BlackElo "2461"]
[PlyCount "39"]
[GameId "2129405147634452"]
[EventDate "2001.08.21"]
[EventType "swiss"]
[EventRounds "9"]
[EventCountry "POR"]
[SourceTitle "The Week in Chess 356"]
[Source "Mark Crowther"]
[SourceDate "2001.03.09"]
[SourceVersion "2"]
[SourceVersionDate "2001.03.09"]
[SourceQuality "2"]

1. e4 c5 2. Nf3 d6 3. d4 cxd4 4. Nxd4 Nf6 5. f3 e5 6. Nb3 d5 7. Bg5 Be6 8. Bxf6 gxf6 9. exd5 Qxd5 10. Qxd5 Bxd5 11. Nc3 Be6 12. Nb5 Kd8 13. O-O-O+ Kc8 14. Nd6+ Bxd6 15. Rxd6 Kc7 16. Rd2 Nc6 17. Bb5 Rad8 18. Rhd1 Rxd2 19. Rxd2 a6 20. Bxc6 1/2-1/2

[Event "Lisbon op"]
[Site "Lisbon POR"]
[Date "2001.08.23"]
[Round "3"]
[White "Tyomkin, Dimitri"]
[Black "Rodrigues, Afonso"]
[Result "1-0"]
[WhiteElo "2461"]
[BlackElo "2114"]
[PlyCount "57"]
[GameId "2129405147642757"]
[EventDate "2001.08.21"]
[EventType "swiss"]
[EventRounds "9"]
[EventCountry "POR"]
[SourceTitle "The Week in Chess 355"]
[Source "Mark Crowther"]
[SourceDate "2001.08.27"]
[SourceVersion "1"]
[SourceVersionDate "2001.08.27"]
[SourceQuality "2"]

1. d4 e6 2. c4 d5 3. Nc3 c6 4. Nf3 Nf6 5. Bg5 Nbd7 6. cxd5 cxd5 7. e3 Be7 8. Bd3 O-O 9. O-O h6 10. Bf4 Nh5 11. Be5 f6 12. Bg3 Nxg3 13. hxg3 f5 14. Rc1 a6 15. Qb3 g5 16. Bb1 g4 17. Ne5 Nxe5 18. dxe5 b5 19. Rfd1 Qb6 20. Ne2 Bd7 21. Nf4 Kf7 22. e4 fxe4 23. Bxe4 Bg5 24. Rxd5 exd5 25. Qxd5+ Kg7 26. Qxd7+ Rf7 27. Ne6+ Kg8 28. Rc8+ Bd8 29. Qe8+ 1-0

[Event "Lisbon op"]
[Site "Lisbon POR"]
[Date "2001.08.25"]
[Round "5"]
[White "Tyomkin, Dimitri"]
[Black "Caselas Cabanas, Jacobo"]
[Result "1-0"]
[WhiteElo "2461"]
[BlackElo "2328"]
[PlyCount "89"]
[GameId "2129405147642943"]
[EventDate "2001.08.21"]
[EventType "swiss"]
[EventRounds "9"]
[EventCountry "POR"]
[SourceTitle "The Week in Chess 355"]
[Source "Mark Crowther"]
[SourceDate "2001.08.27"]
[SourceVersion "1"]
[SourceVersionDate "2001.08.27"]
[SourceQuality "2"]

1. d4 d5 2. c4 dxc4 3. Nf3 Nf6 4. Nc3 Bf5 5. e3 e6 6. Bxc4 Be7 7. O-O O-O 8. Qe2 Ne4 9. Rd1 Nd7 10. h3 c6 11. Nd2 Nxd2 12. Bxd2 b5 13. Bb3 a6 14. e4 Bg6 15. Bf4 Re8 16. Rac1 Qb6 17. e5 Rac8 18. Ne4 Red8 19. Qe3 Qa7 20. g4 Nb6 21. Bg3 Nd5 22. Qf3 Bxe4 23. Qxe4 c5 24. dxc5 Rxc5 25. Kh2 g6 26. h4 Rxc1 27. Rxc1 Bc5 28. Qf3 Be7 29. h5 Bg5 30. Rd1 Qc5 31. Qe2 Kg7 32. Kh3 a5 33. f4 Nxf4+ 34. Bxf4 Rxd1 35. Bxg5 Rh1+ 36. Kg3 Qg1+ 37. Kf3 Rh3+ 38. Ke4 Qh1+ 39. Kd4 Qg1+ 40. Be3 Rxe3 41. h6+ Kg8 42. Qxe3 Qxg4+ 43. Kc5 a4 44. Qd2 Qh4 45. Bd1 1-0

[Event "Lisbon op"]
[Site "Lisbon POR"]
[Date "2001.08.26"]
[Round "6"]
[White "Sulava, Nenad"]
[Black "Tyomkin, Dimitri"]
[Result "0-1"]
[WhiteElo "2531"]
[BlackElo "2461"]
[PlyCount "74"]
[GameId "2129405147643035"]
[EventDate "2001.08.21"]
[EventType "swiss"]
[EventRounds "9"]
[EventCountry "POR"]
[SourceTitle "The Week in Chess 356"]
[Source "Mark Crowther"]
[SourceDate "2001.03.09"]
[SourceVersion "2"]
[SourceVersionDate "2001.03.09"]
[SourceQuality "2"]

1. d4 Nf6 2. Nf3 g6 3. c4 Bg7 4. Nc3 d5 5. Bg5 Ne4 6. Bf4 Nxc3 7. bxc3 c5 8. e3 O-O 9. cxd5 cxd4 10. exd4 Qxd5 11. Be2 Nc6 12. O-O Bf5 13. Re1 Rac8 14. Qd2 e5 15. Nxe5 Nxe5 16. Bxe5 Bxe5 17. Bf3 Bxh2+ 18. Kxh2 Qd6+ 19. g3 Rc7 20. Re3 Kg7 21. Kg2 h5 22. Rae1 Rfc8 23. Kg1 h4 24. g4 Bd7 25. Bd1 Qf4 26. Qb2 Qd6 27. Re7 Rxc3 28. Bb3 Qxd4 29. Rxf7+ Kh6 30. Qe2 Re8 31. Re7 Bxg4 32. Rxe8 Bxe2 33. R8xe2 Qg4+ 34. Kf1 Qh3+ 35. Kg1 Rc5 36. f4 Qg3+ 37. Kh1 Rb5 0-1

[Event "Lisbon op"]
[Site "Lisbon POR"]
[Date "2001.08.27"]
[Round "7"]
[White "Tyomkin, Dimitri"]
[Black "Kotronias, Vasilios"]
[Result "1/2-1/2"]
[WhiteElo "2461"]
[BlackElo "2528"]
[PlyCount "69"]
[GameId "2129405147655413"]
[EventDate "2001.08.21"]
[EventType "swiss"]
[EventRounds "9"]
[EventCountry "POR"]
[SourceTitle "The Week in Chess 356"]
[Source "Mark Crowther"]
[SourceDate "2001.03.09"]
[SourceVersion "2"]
[SourceVersionDate "2001.03.09"]
[SourceQuality "2"]

1. d4 Nf6 2. Nf3 g6 3. Bg5 Bg7 4. Nbd2 O-O 5. c3 d6 6. e4 c5 7. d5 Na6 8. Be2 Nc7 9. a4 e6 10. dxe6 Nxe6 11. Bxf6 Bxf6 12. Bc4 b6 13. O-O Rb8 14. Re1 a6 15. Nf1 b5 16. axb5 axb5 17. Bd5 Nf4 18. Ne3 c4 19. Nd4 Bd7 20. Qf3 Nd3 21. Reb1 Ne5 22. Qe2 Qc7 23. Ra6 Bc8 24. Ra2 Nd3 25. Rba1 Bxd4 26. cxd4 Qb6 27. Nc2 Bb7 28. Bxb7 Rxb7 29. Ra6 Qd8 30. Ne3 Nb4 31. R6a3 Qf6 32. Qd2 Nd3 33. b3 Qxd4 34. bxc4 bxc4 35. Nxc4 1/2-1/2

[Event "Lisbon op"]
[Site "Lisbon POR"]
[Date "2001.08.28"]
[Round "8"]
[White "Horvath, Jozsef"]
[Black "Tyomkin, Dimitri"]
[Result "1/2-1/2"]
[WhiteElo "2542"]
[BlackElo "2461"]
[PlyCount "33"]
[GameId "2129405147655468"]
[EventDate "2001.08.21"]
[EventType "swiss"]
[EventRounds "9"]
[EventCountry "POR"]
[SourceTitle "The Week in Chess 356"]
[Source "Mark Crowther"]
[SourceDate "2001.03.09"]
[SourceVersion "2"]
[SourceVersionDate "2001.03.09"]
[SourceQuality "2"]

1. c4 Nf6 2. Nf3 g6 3. Nc3 d5 4. cxd5 Nxd5 5. Qb3 Nb6 6. d4 Bg7 7. Bg5 O-O 8. Rd1 a5 9. e3 a4 10. Qc2 Bf5 11. Qc1 Na6 12. Be2 c6 13. O-O Nc7 14. e4 Bg4 15. Be3 Bxf3 16. gxf3 Qd6 17. Kh1 1/2-1/2

[Event "Cullera op"]
[Site "Cullera ESP"]
[Date "2001.07.20"]
[Round "2"]
[White "Tyomkin, Dimitri"]
[Black "Solanes Galbis, Juan Ernesto"]
[Result "1-0"]
[WhiteElo "2461"]
[BlackElo "2098"]
[PlyCount "75"]
[GameId "2129405148341220"]
[EventDate "2001.07.19"]
[EventType "swiss"]
[EventRounds "9"]
[EventCountry "ESP"]
[SourceTitle "The Week in Chess 351"]
[Source "Mark Crowther"]
[SourceDate "2001.07.30"]
[SourceVersion "1"]
[SourceVersionDate "2001.07.30"]
[SourceQuality "2"]

1. d4 f5 2. g3 Nf6 3. Bg2 g6 4. Nh3 Bg7 5. Nf4 c6 6. Nc3 d5 7. h4 Ne4 8. Nxe4 dxe4 9. Be3 e5 10. dxe5 Qxd1+ 11. Rxd1 Bxe5 12. c3 Nd7 13. f3 Nf6 14. O-O Rf8 15. Bd4 Bc7 16. Kh2 b6 17. b4 Bxf4 18. gxf4 Be6 19. Bxf6 Rxf6 20. fxe4 fxe4 21. Rd6 Rc8 22. Bxe4 c5 23. b5 Ke7 24. Rd2 Rd8 25. Rxd8 Kxd8 26. Kg3 Bxa2 27. Rd1+ Kc8 28. Bc6 Rf7 29. e4 Be6 30. Rd6 Re7 31. e5 Bf5 32. Rf6 Bd7 33. h5 Bf5 34. Kh4 Bd3 35. Kg5 Bf5 36. h6 Kc7 37. Rxf5 gxf5 38. Kf6 1-0

[Event "Cullera op"]
[Site "Cullera ESP"]
[Date "2001.07.21"]
[Round "3"]
[White "Fenollar Jorda, Manuel"]
[Black "Tyomkin, Dimitri"]
[Result "0-1"]
[WhiteElo "2228"]
[BlackElo "2461"]
[PlyCount "130"]
[GameId "2129405148341227"]
[EventDate "2001.07.19"]
[EventType "swiss"]
[EventRounds "9"]
[EventCountry "ESP"]
[SourceTitle "The Week in Chess 351"]
[Source "Mark Crowther"]
[SourceDate "2001.07.30"]
[SourceVersion "1"]
[SourceVersionDate "2001.07.30"]
[SourceQuality "2"]

1. e4 c5 2. Nf3 d6 3. d4 cxd4 4. Nxd4 Nf6 5. Nc3 Nc6 6. Bc4 Qb6 7. Nde2 e6 8. Bb3 Be7 9. O-O O-O 10. Kh1 Na5 11. Be3 Qc7 12. f4 a6 13. f5 Nc4 14. Bxc4 Qxc4 15. Qd4 Qxd4 16. Nxd4 Ng4 17. Bg1 Bd7 18. fxe6 fxe6 19. Nf3 Rac8 20. Bd4 b5 21. a3 Rc4 22. h3 Nh6 23. Rad1 Nf7 24. Be3 Rfc8 25. Rd3 b4 26. axb4 Rxb4 27. b3 Bf6 28. Bd2 Bxc3 29. Rxc3 Rxc3 30. Bxc3 Rxe4 31. Ra1 Bc8 32. Kg1 Bb7 33. Kf2 Rf4 34. Ke3 e5 35. Ne1 d5 36. Bd2 Rf6 37. Nf3 d4+ 38. Ke2 Rg6 39. Kf2 Rd6 40. Ra4 Be4 41. c3 Bxf3 42. gxf3 dxc3 43. Bxc3 Rc6 44. Bd2 g6 45. f4 Kg7 46. Be3 Kf6 47. fxe5+ Kxe5 48. Kf3 Ke6 49. Re4+ Kd7 50. Rd4+ Rd6 51. Rb4 Ke6 52. Rb8 Kd5 53. Rb4 Ne5+ 54. Ke2 Nc6 55. Ra4 Re6 56. Kd2 Re4 57. Ra1 Rh4 58. Rh1 Nd4 59. Kc3 Ne2+ 60. Kd2 Ng3 61. Bf2 Ne4+ 62. Ke3 Nxf2 63. Kxf2 Rb4 64. Ra1 Rxb3 65. Rxa6 Rxh3 0-1

[Event "Cullera op"]
[Site "Cullera ESP"]
[Date "2001.07.24"]
[Round "6"]
[White "Tyomkin, Dimitri"]
[Black "Garcia Fernandez, Carlos"]
[Result "1-0"]
[WhiteElo "2461"]
[BlackElo "2411"]
[PlyCount "59"]
[GameId "2129405148341298"]
[EventDate "2001.07.19"]
[EventType "swiss"]
[EventRounds "9"]
[EventCountry "ESP"]
[SourceTitle "The Week in Chess 351"]
[Source "Mark Crowther"]
[SourceDate "2001.07.30"]
[SourceVersion "1"]
[SourceVersionDate "2001.07.30"]
[SourceQuality "2"]

1. d4 d6 2. Nf3 Nd7 3. c4 c5 4. d5 b5 5. cxb5 a6 6. e4 axb5 7. Bxb5 Ba6 8. Bxa6 Qa5+ 9. Nc3 Qxa6 10. Qe2 Qxe2+ 11. Kxe2 g6 12. b3 Bg7 13. Bb2 Ngf6 14. Nd2 O-O 15. Rhb1 Rfb8 16. f3 Ne8 17. Nd1 Nc7 18. Bxg7 Kxg7 19. Nc3 f5 20. a4 fxe4 21. fxe4 Na6 22. Nb5 Rb7 23. Rf1 Nc7 24. Nxc7 Rxc7 25. a5 Rb7 26. Ra4 Ra6 27. Kd3 Ra8 28. Kc3 Nb8 29. Nc4 Na6 30. Nb6 1-0

[Event "Cullera op"]
[Site "Cullera ESP"]
[Date "2001.07.25"]
[Round "7"]
[White "Adell Corts, Francisco"]
[Black "Tyomkin, Dimitri"]
[Result "1/2-1/2"]
[WhiteElo "2148"]
[BlackElo "2461"]
[PlyCount "82"]
[GameId "2129405148341300"]
[EventDate "2001.07.19"]
[EventType "swiss"]
[EventRounds "9"]
[EventCountry "ESP"]
[SourceTitle "The Week in Chess 351"]
[Source "Mark Crowther"]
[SourceDate "2001.07.30"]
[SourceVersion "1"]
[SourceVersionDate "2001.07.30"]
[SourceQuality "2"]

1. e4 c5 2. c3 g6 3. d4 cxd4 4. cxd4 d5 5. e5 Nc6 6. Nc3 Bg7 7. Bb5 Nh6 8. Bg5 f6 9. exf6 exf6 10. Bxh6 Bxh6 11. Qf3 Be6 12. Nge2 O-O 13. O-O Bf7 14. Rad1 Kg7 15. Nf4 Ne7 16. Rfe1 Qd6 17. Nfe2 Rfd8 18. Qg3 Nf5 19. Qxd6 Nxd6 20. Bd3 Rac8 21. Ng3 Kf8 22. Nf1 Nc4 23. Bxc4 dxc4 24. g4 Rc7 25. Ng3 Rcd7 26. Re4 a6 27. a4 b5 28. axb5 axb5 29. Nxb5 Bd5 30. Ree1 Rb8 31. Nc3 Bf3 32. Ra1 Rxb2 33. Re6 Kf7 34. Raa6 Bg7 35. Nge4 Bxg4 36. d5 Rc2 37. Nd6+ Rxd6 38. Rexd6 Rxc3 39. Ra7+ Kg8 40. Ra8+ Kf7 41. Ra7+ Kg8 1/2-1/2

[Event "Elbow Beach Club op"]
[Site "Paget Parish BER"]
[Date "2001.02.05"]
[Round "5"]
[White "Faulks, Nick"]
[Black "Tyomkin, Dimitri"]
[Result "0-1"]
[WhiteElo "2036"]
[BlackElo "2496"]
[PlyCount "64"]
[GameId "2129405150677364"]
[EventDate "2001.02.01"]
[EventType "swiss"]
[EventRounds "5"]
[EventCountry "BER"]
[SourceTitle "The Week in Chess 327"]
[Source "Mark Crowther"]
[SourceDate "2001.02.12"]
[SourceVersion "1"]
[SourceVersionDate "2001.02.12"]
[SourceQuality "2"]

1. e4 c5 2. Nc3 a6 3. f4 b5 4. g3 Bb7 5. Bg2 e6 6. d3 Nc6 7. Nf3 d6 8. O-O Qc7 9. f5 e5 10. Nd5 Qd8 11. Bg5 Be7 12. Nxe7 Ncxe7 13. Nh4 f6 14. Be3 Qd7 15. a4 Nc6 16. axb5 axb5 17. Rxa8+ Bxa8 18. c3 Qf7 19. Qa1 Bb7 20. Bf3 Nge7 21. b4 cxb4 22. d4 exd4 23. cxd4 Qb3 24. Ng2 O-O 25. Rb1 Qa3 26. Kf2 Rc8 27. Be2 d5 28. Bxb5 Na5 29. Qb2 dxe4 30. Qxb4 Rc2+ 31. Be2 Qxb4 32. Rxb4 Nd5 0-1